header

How high should boys sing? (Record no. 54164)

MARC details
000 -LEADER
fixed length control field 01318nam a2200325Ia 4500
100 1# - MAIN ENTRY--AUTHOR NAME
Personal name Ashley, Martin,
245 10 - TITLE STATEMENT
Title How high should boys sing?
260 ## - PUBLICATION, DISTRIBUTION, ETC. (IMPRINT)
Place of publication Farnham, England ;
-- Burlington, VT :
Name of publisher Ashgate Pub.,
Year of publication 2009.
300 ## - PHYSICAL DESCRIPTION
Number of Pages xii, 182 p. :
Other physical details ill.
500 ## - GENERAL NOTE
General note Includes index.
650 #0 - SUBJECT ADDED ENTRY--TOPICAL TERM
Topical Term Singing
Topical Term Boys
Topical Term Voice, Change of.
Topical Term Singing
Topical Term Singing
856 40 - ELECTRONIC LOCATION AND ACCESS
Uniform Resource Identifier http://site.ebrary.com/lib/rucke/Doc?id=10325872

No items available.

© 2026 Rongo University
Contact us: librarian | system librarian | Rongo university